[Event "CHN-ch U20"]
[Site "Shanghai"]
[Date "2024.02.19"]
[Round "7"]
[White "Wang, Xiaozhi"]
[Black "Zhao, Yihan"]
[Result "1-0"]
[WhiteElo "1768"]
[BlackElo "1828"]
[PlyCount "51"]
[EventDate "2024.02.16"]
[EventType "swiss"]
[EventRounds "11"]
[EventCountry "CHN"]
[SourceTitle "CB09_2024"]
[SourceDate "2024.02.28"]
[SourceVersion "1"]
[SourceVersionDate "2024.02.28"]
[SourceQuality "1"]

1. d4 d5 2. Nf3 Nf6 3. Bf4 e6 4. e3 c5 5. Nbd2 Nc6 6. c3 Be7 7. Bd3 Nh5 8. Be5 Nxe5 9. Nxe5 Nf6 10. Qf3 0-0 11. h4 Nd7 12. 0-0-0 cxd4 13. exd4 Nxe5 14. dxe5 h6 15. Bc2 f5 16. exf6 Bxf6 17. Qd3 e5 18. Qh7+ Kf7 19. Nf3 Be6 20. g4 e4 21. Bxe4 Qa5 22. Qg6+ Ke7 23. Bxd5 Rad8 24. Bxe6 Bxc3 25. Bb3 Rxf3 26. Qe4+ 1-0

[Event "CHN-chB"]
[Site "Qiziwan"]
[Date "2023.01.31"]
[Round "3"]
[White "Chen, Yuan1111"]
[Black "Wang, Xiaozhi"]
[Result "1/2-1/2"]
[WhiteElo "2180"]
[BlackElo "1793"]
[PlyCount "98"]
[EventDate "2023.01.30"]
[EventType "swiss"]
[EventRounds "11"]
[EventCountry "CHN"]
[SourceTitle "CBM 212 Extra"]
[Source "ChessBase"]
[SourceDate "2023.03.31"]
[SourceVersion "1"]
[SourceVersionDate "2023.03.31"]
[SourceQuality "1"]

1. e4 c5 2. Nf3 e6 3. Nc3 a6 4. d4 cxd4 5. Nxd4 Nc6 6. g3 Qc7 7. Bg2 Nf6 8. 0-0 Nxd4 9. Qxd4 Bc5 10. Qd1 h5 11. Bf4 d6 12. Na4 e5 13. Nxc5 exf4 14. Na4 fxg3 15. fxg3 Be6 16. Qd4 0-0 17. Nb6 Rad8 18. h3 Rfe8 19. c4 Nd7 20. Nxd7 Qxd7 21. Kh2 Rc8 22. b3 b5 23. cxb5 Qxb5 24. Rf2 Red8 25. Rd1 Rc5 26. Rfd2 a5 27. Qe3 Rdc8 28. Rxd6 Rc2 29. R1d2 a4 30. bxa4 Qxa4 31. Rd8+ Rxd8 32. Rxd8+ Kh7 33. Qg5 g6 34. Qe5 Rxg2+ 35. Kxg2 Qxa2+ 36. Kf3 Qa3+ 37. Kf2 Qa2+ 38. Ke1 Qb1+ 39. Kd2 Qa2+ 40. Kc1 Qc4+ 41. Kd2 Qa2+ 42. Ke3 Qa3+ 43. Kf2 Qa2+ 44. Ke1 Qb1+ 45. Rd1 Qc2 46. Rd8 Qb1+ 47. Kf2 Qa2+ 48. Ke3 Qa3+ 49. Kd2 Qa2+ 1/2-1/2

[Event "Wch U12"]
[Site "Weifang"]
[Date "2019.08.25"]
[Round "5"]
[White "Wang, Xiaozhi"]
[Black "Kadam, Om Manish"]
[Result "1/2-1/2"]
[WhiteElo "1719"]
[BlackElo "2028"]
[PlyCount "104"]
[EventDate "2019.08.21"]
[EventType "swiss"]
[EventRounds "11"]
[EventCountry "CHN"]
[SourceTitle "EXT 2020"]
[Source "ChessBase"]
[SourceDate "2019.10.17"]
[SourceVersion "1"]
[SourceVersionDate "2019.10.17"]
[SourceQuality "1"]

1. d4 d5 2. Bf4 Nf6 3. e3 c5 4. c3 Nc6 5. Nd2 Qb6 6. Qb3 g6 7. Qxb6 axb6 8. Bb5 Bg7 9. Ngf3 Nd7 10. 0-0 0-0 11. Bc7 e5 12. Bxc6 bxc6 13. Nxe5 Nxe5 14. Bxe5 Bxe5 15. dxe5 Re8 16. f4 Bf5 17. a3 Ra7 18. Rfe1 Ra4 19. h3 h5 20. Nf3 Bc2 21. Rac1 Be4 22. Ng5 Bf5 23. Kf2 Kg7 24. Rcd1 f6 25. Nf3 fxe5 26. Nxe5 g5 27. g3 h4 28. Nxc6 hxg3+ 29. Kxg3 Rxe3+ 30. Rxe3 gxf4+ 31. Kf3 fxe3 32. Ne7 Bc2 33. Rxd5 Kf7 34. Re5 Rh4 35. Kg3 Rh6 36. Nd5 Rg6+ 37. Kf3 Bb3 38. Nxe3 Kf6 39. Rf5+ Ke6 40. Rf4 Ke5 41. h4 Rg1 42. Rf5+ Ke6 43. Rg5 Rh1 44. h5 Kf7 45. Rg6 Be6 46. Rh6 b5 47. Rh7+ Kf6 48. h6 Rh3+ 49. Kf4 Rh4+ 50. Kf3 Rh3+ 51. Kf4 Rh4+ 52. Kf3 Rh3+ 1/2-1/2